Kitajskaja inflacija: pričiny i uroki.

Príčiny nestability poľnohospodárstva a jej negatívny vplyv na rozvoj iných odvetví národného hospodárstva. Požiadavka samostatnosti podnikov v ich hospodárskej činnosti, oslobodenia od administratívneho zásobovania zvonku.

Salvato in:
Dettagli Bibliografici
Autore principale: Čžen Kečžun
Natura: Capitolo di libro
Lingua:russo
Soggetti:
Tags: Aggiungi Tag
Nessun Tag, puoi essere il primo ad aggiungerne!!

MARC

LEADER 00000naa a2200000 4500
001 r002300
005 20220819191944.8
041 0 |a rus 
044 |a [SU] 
245 1 0 |a Kitajskaja inflacija: pričiny i uroki.  |c Čžen Kečžun 
520 |a Príčiny nestability poľnohospodárstva a jej negatívny vplyv na rozvoj iných odvetví národného hospodárstva. Požiadavka samostatnosti podnikov v ich hospodárskej činnosti, oslobodenia od administratívneho zásobovania zvonku. 
610 2 0 |a inflácia 
610 2 0 |a Čína 
610 2 0 |a poľnohospodárstvo 
610 2 0 |a odvetvia činnosti ekonomickej 
610 2 0 |a samostatnosť podnikov 
100 1 |a Čžen Kečžun